<?xml version="1.0" encoding="UTF-8"?>
<record
    xmlns:xsi="http://www.w3.org/2001/XMLSchema-instance"
    xsi:schemaLocation="http://www.loc.gov/MARC21/slim http://www.loc.gov/standards/marcxml/schema/MARC21slim.xsd"
    xmlns="http://www.loc.gov/MARC21/slim">

  <leader>01378nam a22002537a 4500</leader>
  <controlfield tag="003">NALT</controlfield>
  <controlfield tag="005">20210712142600.0</controlfield>
  <controlfield tag="008">      s2551    th                  tha d</controlfield>
  <datafield tag="020" ind1=" " ind2=" ">
    <subfield code="a">9789745820302</subfield>
  </datafield>
  <datafield tag="040" ind1=" " ind2=" ">
    <subfield code="a">&#xE4C;NALT</subfield>
  </datafield>
  <datafield tag="041" ind1=" " ind2=" ">
    <subfield code="a">tha</subfield>
  </datafield>
  <datafield tag="050" ind1=" " ind2=" ">
    <subfield code="a">HF 5549.5.D37 </subfield>
    <subfield code="b">&#xE2A;354&#xE1B; 2551</subfield>
  </datafield>
  <datafield tag="100" ind1="0" ind2=" ">
    <subfield code="a">&#xE2A;&#xE23;&#xE32;&#xE22;&#xE38;&#xE17;&#xE18;&#xE4C; &#xE2B;&#xE2D;&#xE21;&#xE0A;&#xE37;&#xE48;&#xE19;</subfield>
    <subfield code="9">29804</subfield>
  </datafield>
  <datafield tag="245" ind1="1" ind2="0">
    <subfield code="a">Prosoft HRM (&#xE40;&#xE25;&#xE48;&#xE21; 2) &#xE42;&#xE1B;&#xE23;&#xE41;&#xE01;&#xE23;&#xE21;&#xE1A;&#xE23;&#xE34;&#xE2B;&#xE32;&#xE23;&#xE17;&#xE23;&#xE31;&#xE1E;&#xE22;&#xE32;&#xE01;&#xE23;&#xE21;&#xE19;&#xE38;&#xE29;&#xE22;&#xE4C; /</subfield>
    <subfield code="c">&#xE2A;&#xE23;&#xE32;&#xE22;&#xE38;&#xE17;&#xE18;&#xE4C; &#xE2B;&#xE2D;&#xE21;&#xE0A;&#xE37;&#xE48;&#xE19;.</subfield>
  </datafield>
  <datafield tag="260" ind1=" " ind2=" ">
    <subfield code="a">&#xE01;&#xE23;&#xE38;&#xE07;&#xE40;&#xE17;&#xE1E;&#xE2F; : </subfield>
    <subfield code="b">&#xE1E;&#xE34;&#xE21;&#xE1E;&#xE4C;&#xE14;&#xE35;, </subfield>
    <subfield code="c">2551.</subfield>
  </datafield>
  <datafield tag="300" ind1=" " ind2=" ">
    <subfield code="a">604 &#xE2B;&#xE19;&#xE49;&#xE32; :</subfield>
    <subfield code="b">&#xE20;&#xE32;&#xE1E;&#xE1B;&#xE23;&#xE30;&#xE01;&#xE2D;&#xE1A; ;</subfield>
    <subfield code="c">22 &#xE0B;&#xE21;.</subfield>
  </datafield>
  <datafield tag="650" ind1=" " ind2="0">
    <subfield code="a">&#xE23;&#xE30;&#xE1A;&#xE1A;&#xE01;&#xE32;&#xE23;&#xE08;&#xE31;&#xE14;&#xE40;&#xE01;&#xE47;&#xE1A;&#xE41;&#xE25;&#xE30;&#xE04;&#xE49;&#xE19;&#xE04;&#xE37;&#xE19;&#xE2A;&#xE32;&#xE23;&#xE2A;&#xE19;&#xE40;&#xE17;&#xE28;</subfield>
    <subfield code="9">29806</subfield>
  </datafield>
  <datafield tag="650" ind1=" " ind2="4">
    <subfield code="a">&#xE01;&#xE32;&#xE23;&#xE1E;&#xE31;&#xE12;&#xE19;&#xE32;&#xE17;&#xE23;&#xE31;&#xE1E;&#xE22;&#xE32;&#xE01;&#xE23;&#xE21;&#xE19;&#xE38;&#xE29;&#xE22;&#xE4C;</subfield>
    <subfield code="9">29809</subfield>
    <subfield code="x">&#xE42;&#xE1B;&#xE23;&#xE41;&#xE01;&#xE23;&#xE21;&#xE04;&#xE2D;&#xE21;&#xE1E;&#xE34;&#xE27;&#xE40;&#xE15;&#xE2D;&#xE23;&#xE4C;</subfield>
  </datafield>
  <datafield tag="650" ind1=" " ind2="4">
    <subfield code="a">&#xE04;&#xE2D;&#xE21;&#xE1E;&#xE34;&#xE27;&#xE40;&#xE15;&#xE2D;&#xE23;&#xE4C;&#xE01;&#xE31;&#xE1A;&#xE01;&#xE32;&#xE23;&#xE1A;&#xE23;&#xE34;&#xE2B;&#xE32;&#xE23;&#xE07;&#xE32;&#xE19;&#xE1A;&#xE38;&#xE04;&#xE04;&#xE25;</subfield>
    <subfield code="9">29810</subfield>
  </datafield>
  <datafield tag="650" ind1=" " ind2="4">
    <subfield code="a">&#xE01;&#xE32;&#xE23;&#xE1A;&#xE23;&#xE34;&#xE2B;&#xE32;&#xE23;&#xE07;&#xE32;&#xE19;&#xE1A;&#xE38;&#xE04;&#xE04;&#xE25;</subfield>
    <subfield code="9">29812</subfield>
    <subfield code="x">&#xE42;&#xE1B;&#xE23;&#xE41;&#xE01;&#xE23;&#xE21;&#xE04;&#xE2D;&#xE21;&#xE1E;&#xE34;&#xE27;&#xE40;&#xE15;&#xE2D;&#xE23;&#xE4C;</subfield>
  </datafield>
  <datafield tag="850" ind1=" " ind2=" ">
    <subfield code="a">NALT</subfield>
  </datafield>
  <datafield tag="942" ind1=" " ind2=" ">
    <subfield code="c">GB</subfield>
    <subfield code="2">lcc</subfield>
  </datafield>
  <datafield tag="998" ind1=" " ind2=" ">
    <subfield code="b">&#xE2D;&#xE23;&#xE38;&#xE13;&#xE17;&#xE34;&#xE1E;&#xE22;&#xE4C;  &#xE08;&#xE31;&#xE19;&#xE17;&#xE23;&#xE4C;&#xE14;&#xE34;&#xE29;&#xE10;&#xE4C;</subfield>
    <subfield code="c">phon</subfield>
    <subfield code="j">1020</subfield>
    <subfield code="k"> &#xE08;&#xE33;&#xE40;&#xE23;&#xE35;&#xE22;&#xE07; &#xE23;&#xE30;&#xE27;&#xE31;&#xE07;&#xE2A;&#xE33;&#xE42;&#xE23;&#xE07;</subfield>
  </datafield>
  <datafield tag="999" ind1=" " ind2=" ">
    <subfield code="c">58303</subfield>
    <subfield code="d">58303</subfield>
  </datafield>
  <datafield tag="952" ind1=" " ind2=" ">
    <subfield code="0">0</subfield>
    <subfield code="1">0</subfield>
    <subfield code="2">lcc</subfield>
    <subfield code="4">0</subfield>
    <subfield code="7">0</subfield>
    <subfield code="8">CGBL</subfield>
    <subfield code="a">NALT</subfield>
    <subfield code="b">NALT</subfield>
    <subfield code="e">&#xE08;&#xE31;&#xE14;&#xE0B;&#xE37;&#xE49;&#xE2D;&#xE17;&#xE23;&#xE31;&#xE1E;&#xE22;&#xE32;&#xE01;&#xE23;</subfield>
    <subfield code="l">0</subfield>
    <subfield code="o">HF 5549.5.D37 &#xE2A;354&#xE1B; 2551</subfield>
    <subfield code="p">3961177581</subfield>
    <subfield code="r">2017-06-09 00:00:00</subfield>
    <subfield code="t">&#xE25;.2</subfield>
    <subfield code="w">2017-06-09</subfield>
    <subfield code="y">GB</subfield>
  </datafield>
</record>
